| 000 | 00902cam a22002891 4500 | ||
|---|---|---|---|
| 999 |
_c47302 _d47302 |
||
| 001 | 6907534 | ||
| 005 | 20190806135131.0 | ||
| 008 | 741114s1939 xx 000 0 eng | ||
| 010 | _a 39023874 | ||
| 035 | _a(OCoLC)1074831 | ||
| 040 |
_aDLC _cODaWU _dDLC |
||
| 042 | _apremarc | ||
| 043 | _an-us--- | ||
| 100 | 1 |
_aSweet, William Warren, _d1881-1959. |
|
| 245 | 1 | 4 |
_aThe story of religion in America, _cby William Warren Sweet... |
| 260 |
_aNew York and London: _bHarper & brothers, _c[c1939] . |
||
| 300 |
_avi p., 2 l., 656 p. ; _c22 1/2 cm. |
||
| 336 | _atext | ||
| 337 | _aunmediated | ||
| 338 | _avolume | ||
| 500 | _aOn cover: Revised edition. | ||
| 500 | _aPublished previously, 1930, under title: The story of religions in America. | ||
| 504 | _aBibliography: 599-624. | ||
| 651 | 0 |
_aUnited States _xChurch history. |
|
| 651 | 0 |
_aUnited States _xReligion. |
|
| 942 |
_2lcc _cBK |
||